| 000 | 00806nac a22002291u 4500 | ||
|---|---|---|---|
| 003 | EG-ScBUE | ||
| 005 | 20221012103525.0 | ||
| 008 | 221012t1984 maua f b 001 0 eng d | ||
| 020 | _a0262022095 | ||
| 040 |
_aEG-ScBUE _beng _erda _cEG-ScBUE _dEG-ScBUE |
||
| 082 | 0 | 4 |
_a720.68 _bBLA _222 |
| 100 | 1 |
_aBlau, Judith R., _d1942- _eauthor. |
|
| 245 | 1 | 0 |
_aArchitects and firms : _ba sociological perspective on architectural practice / _cJudith R. Blau. |
| 264 | 1 |
_aCambridge, Massachusetts : _b MIT Press, _c[1984] |
|
| 264 | 4 | _cc1984 | |
| 300 |
_axv, 189 pages : _billustrations ; _c24 cm |
||
| 504 | _aIncludes bibliographical references and index. | ||
| 650 | 7 |
_aArchitectural practice _xSocial aspects _zUnited States. _2BUEsh |
|
| 653 | _bENGARC | ||
| 655 | _vReading book | ||
| 942 |
_cBB _2ddc |
||
| 999 |
_c9527 _d9527 |
||